Informe sobre la misión de evaluación estadística multisectorial 4-20 noviembre de 1997 / (Registro nro. 5083)

Detalles MARC
000 -LEADER
fixed length control field 01191nam a2200277Ia 4500
003 - CONTROL NUMBER IDENTIFIER
control field OSt
005 - DATE AND TIME OF LATEST TRANSACTION
control field 20200515154003.0
008 - FIXED-LENGTH DATA ELEMENTS--GENERAL INFORMATION
fixed length control field 191128s1998 ck aa gr 000 0 spa d
040 ## - CATALOGING SOURCE
Original cataloging agency CO-JMCR
Transcribing agency CO-JMCR
041 0# - LANGUAGE CODE
Language code of text/sound track or separate title spa
082 04 - DEWEY DECIMAL CLASSIFICATION NUMBER
Classification number 310.76 /
Item number F655c
Edition number 23
100 1# - MAIN ENTRY--PERSONAL NAME
Personal name Joyce, Peter L.,
Relator term autor
9 (RLIN) 4407
245 10 - TITLE STATEMENT
Title Informe sobre la misión de evaluación estadística multisectorial 4-20 noviembre de 1997 /
Statement of responsibility, etc. Peter L. Joyce, Elizabeth Merino, Ricardo Puig [y otros 3]
260 ## - PUBLICATION, DISTRIBUTION, ETC.
Place of publication, distribution, etc. [Bogotá] :
Name of publisher, distributor, etc. Fondo Monetario Internacional,
Date of publication, distribution, etc. 1998
300 ## - PHYSICAL DESCRIPTION
Extent 178 páginas :
Other physical details tablas, gráficos ;
Dimensions 28 cm.
490 0# - SERIES STATEMENT
Series statement Confidencial
505 ## - FORMATTED CONTENTS NOTE
Formatted contents note Resumen ejecutivo -- Plan de acción sectorial -- Desarrollo de estadísticas analíticamente significativas -- Normas especiales para la divulgación de datos -- Aspectos sectoriales e intersectoriales
650 14 - SUBJECT ADDED ENTRY--TOPICAL TERM
Topical term or geographic name entry element Estadísticas
9 (RLIN) 4408
650 24 - SUBJECT ADDED ENTRY--TOPICAL TERM
Topical term or geographic name entry element Estadísticas multisectoriales
9 (RLIN) 4409
650 24 - SUBJECT ADDED ENTRY--TOPICAL TERM
Topical term or geographic name entry element Misión de evaluación
9 (RLIN) 4410
650 24 - SUBJECT ADDED ENTRY--TOPICAL TERM
Topical term or geographic name entry element Estadística multisectorial
9 (RLIN) 4411
650 24 - SUBJECT ADDED ENTRY--TOPICAL TERM
Topical term or geographic name entry element Sistemas de estadística
9 (RLIN) 4412
700 1# - ADDED ENTRY--PERSONAL NAME
Personal name Merino, Elizabeth,
Relator term autora
9 (RLIN) 4413
700 1# - ADDED ENTRY--PERSONAL NAME
Personal name Puig, Ricardo,
Relator term autora
9 (RLIN) 4414
942 ## - ADDED ENTRY ELEMENTS (KOHA)
Source of classification or shelving scheme Dewey Decimal Classification
Koha item type Books
Existencias
Withdrawn status Lost status Source of classification or shelving scheme Materials specified (bound volume or other part) Damaged status Not for loan Home library Current library Shelving location Date acquired Source of acquisition Cost, normal purchase price Total Checkouts Full call number Barcode Date last seen Copy number Price effective from Koha item type
    Dewey Decimal Classification Donación--15/04/2018--     Biblioteca Pública José María del Castillo y Rada Biblioteca Pública José María del Castillo y Rada General Stacks 11/28/2019 Donación 0.00   310.76 / F655c 430001271 05/16/2024 Ej.1 11/28/2019 Books